[Event "EU-ch Blitz"]
[Site "Katowice"]
[Date "2022.12.16"]
[Round "7"]
[White "Lucchi, Lorenzo"]
[Black "Czerw, Dawid"]
[Result "0-1"]
[WhiteElo "2084"]
[BlackElo "2373"]
[PlyCount "62"]
[EventDate "2022.12.16"]
[EventType "swiss (blitz)"]
[EventRounds "22"]
[EventCountry "POL"]
[SourceTitle "CBM 211 Extra"]
[Source "ChessBase"]
[SourceDate "2023.01.31"]
[SourceVersion "1"]
[SourceVersionDate "2023.01.31"]
[SourceQuality "1"]

1. e4 c5 2. c3 Nf6 3. e5 Nd5 4. Nf3 Nc6 5. d4 cxd4 6. cxd4 d6 7. Bc4 dxe5 8. dxe5 Ndb4 9. Qxd8+ Nxd8 10. Na3 a6 11. Bd2 e6 12. 0-0 Ndc6 13. Rfd1 Bd7 14. Rac1 Be7 15. Be3 Rc8 16. Bb3 Na5 17. Rxc8+ Bxc8 18. Ba4+ b5 19. Nxb5 axb5 20. Bxb5+ Kf8 21. a3 Nd5 22. Bd2 Nb3 23. Be1 g6 24. Bc4 Nc5 25. b4 Nb7 26. a4 Nxb4 27. Rb1 Nc6 28. Bb5 Nb8 29. a5 Nc5 30. Rc1 Ba6 31. Rxc5 Bxc5 0-1

[Event "EU-ch Blitz"]
[Site "Katowice"]
[Date "2022.12.16"]
[Round "18"]
[White "Lucchi, Lorenzo"]
[Black "Larkin, Vladislav"]
[Result "0-1"]
[WhiteElo "2084"]
[BlackElo "2452"]
[PlyCount "116"]
[EventDate "2022.12.16"]
[EventType "swiss (blitz)"]
[EventRounds "22"]
[EventCountry "POL"]
[SourceTitle "CBM 211 Extra"]
[Source "ChessBase"]
[SourceDate "2023.01.31"]
[SourceVersion "1"]
[SourceVersionDate "2023.01.31"]
[SourceQuality "1"]

1. e4 c5 2. c3 e6 3. d4 Nf6 4. e5 Nd5 5. Nf3 cxd4 6. cxd4 d6 7. Bc4 Nc6 8. 0-0 Be7 9. Nc3 Nxc3 10. bxc3 dxe5 11. Nxe5 Nxe5 12. dxe5 Qxd1 13. Rxd1 Bd7 14. Rb1 b6 15. Be3 Rc8 16. Rd4 Bc6 17. Ba6 Rc7 18. Rbd1 0-0 19. R4d2 Ba4 20. Rc1 Ba3 21. Rb1 Rxc3 22. h4 Bc1 23. Rd4 Bxe3 24. Rxa4 Bc5 25. Rd1 Rc2 26. Rf4 Rxa2 27. Bc4 Rc2 28. Rd7 Bxf2+ 29. Kf1 Be3 30. Re4 Rf2+ 31. Ke1 Bc5 32. Rg4 a5 33. Bxe6 h5 34. Rg5 Rf4 35. Bd5 Bf2+ 36. Ke2 Bxh4 37. Rxh5 g6 38. g3 Bxg3 39. Rh3 Bf2 40. e6 Kg7 41. exf7 Bc5 42. Rb7 a4 43. Ra7 a3 44. Rf3 Rb4 45. Rb3 Rxb3 46. Bxb3 Kf6 47. Kf3 Ke5 48. Rb7 Kd4 49. Kg4 Kc3 50. Be6 Kb2 51. Ra7 b5 52. Ra5 Rb8 53. Kg5 Bf8 54. Kxg6 b4 55. Kh7 b3 56. Kg8 a2 57. Bxb3 Kxb3 58. Re5 a1Q 0-1

[Event "London Mindsports Rapid"]
[Site "London"]
[Date "2022.09.11"]
[Round "9.4"]
[White "Fitzsimons, David"]
[Black "Lucchi, Lorenzo"]
[Result "0-1"]
[WhiteElo "2363"]
[BlackElo "2032"]
[PlyCount "54"]
[EventDate "2022.09.11"]
[EventType "swiss (rapid)"]
[EventRounds "9"]
[EventCountry "ENG"]
[SourceTitle "CBM 210 Extra"]
[Source "ChessBase"]
[SourceDate "2022.11.30"]
[SourceVersion "1"]
[SourceVersionDate "2022.11.30"]
[SourceQuality "1"]

1. e4 e5 2. Nf3 Nc6 3. Nc3 Nf6 4. Bb5 Bc5 5. 0-0 0-0 6. Nxe5 Nxe5 7. d4 Bd6 8. f4 Nc6 9. e5 Be7 10. d5 Bc5+ 11. Kh1 Nxd5 12. Qxd5 d6 13. Bxc6 bxc6 14. Qxc6 Rb8 15. Ne4 Bb7 16. Qa4 Bb6 17. exd6 Re8 18. dxc7 Qxc7 19. Ng3 Rbd8 20. c3 h5 21. f5 Qc5 22. f6 Qd5 23. Qc2 h4 24. c4 Qc6 25. h3 hxg3 26. Bf4 Qe4 27. Rac1 Qe2 0-1

[Event "London Mindsports Rapid"]
[Site "London"]
[Date "2022.09.11"]
[Round "1.10"]
[White "Landman, Aharon"]
[Black "Lucchi, Lorenzo"]
[Result "0-1"]
[WhiteElo "1371"]
[BlackElo "2032"]
[PlyCount "60"]
[EventDate "2022.09.11"]
[EventType "swiss (rapid)"]
[EventRounds "9"]
[EventCountry "ENG"]
[SourceTitle "CBM 210 Extra"]
[Source "ChessBase"]
[SourceDate "2022.11.30"]
[SourceVersion "1"]
[SourceVersionDate "2022.11.30"]
[SourceQuality "1"]

1. e4 d6 2. d4 Nf6 3. Nc3 e5 4. Nf3 Nbd7 5. h3 Be7 6. Be3 0-0 7. Qd2 Re8 8. Bc4 exd4 9. Nxd4 Bf8 10. f3 a6 11. 0-0-0 Ne5 12. Bb3 c5 13. Nf5 c4 14. Ba4 b5 15. Nxb5 axb5 16. Bxb5 Bd7 17. Nxd6 Bxd6 18. Bxd7 Qxd7 19. Qxd6 Nd3+ 20. Rxd3 cxd3 21. Qxd3 Rxa2 22. Bd4 Ra1+ 23. Kd2 Rxh1 24. e5 Qe7 25. Qf5 Qb4+ 26. Bc3 Rd8+ 27. Ke3 Nd5+ 28. Kf2 Qb6+ 29. Kg3 Nxc3 30. bxc3 Qg6+ 0-1

[Event "London Mindsports Rapid"]
[Site "London"]
[Date "2022.09.11"]
[Round "6.3"]
[White "Lucchi, Lorenzo"]
[Black "Vashisht Pigem, Raman"]
[Result "1-0"]
[WhiteElo "2032"]
[BlackElo "1099"]
[PlyCount "57"]
[EventDate "2022.09.11"]
[EventType "swiss (rapid)"]
[EventRounds "9"]
[EventCountry "ENG"]
[SourceTitle "CBM 210 Extra"]
[Source "ChessBase"]
[SourceDate "2022.11.30"]
[SourceVersion "1"]
[SourceVersionDate "2022.11.30"]
[SourceQuality "1"]

1. Nf3 Nf6 2. g3 g6 3. Bg2 Bg7 4. 0-0 0-0 5. c4 d6 6. d4 c5 7. Nc3 Nc6 8. d5 Na5 9. Qd3 b6 10. b3 Ne4 11. Qxe4 Bxc3 12. Bh6 Bf5 13. Qh4 Bxa1 14. Rxa1 Re8 15. e4 Bd7 16. Ng5 e6 17. Bg7 h5 18. Qf4 Qe7 19. Bf6 e5 20. Qf3 Bg4 21. Bxe7 Bxf3 22. Bxd6 Bxg2 23. Kxg2 Nb7 24. Bc7 Re7 25. d6 Rd7 26. Rd1 Rc8 27. f4 Rcxc7 28. dxc7 Rxc7 29. fxe5 1-0

[Event "London Mindsports Rapid"]
[Site "London"]
[Date "2022.09.11"]
[Round "7.3"]
[White "Schulze, Lara"]
[Black "Lucchi, Lorenzo"]
[Result "1-0"]
[WhiteElo "2191"]
[BlackElo "2032"]
[PlyCount "73"]
[EventDate "2022.09.11"]
[EventType "swiss (rapid)"]
[EventRounds "9"]
[EventCountry "ENG"]
[SourceTitle "CBM 210 Extra"]
[Source "ChessBase"]
[SourceDate "2022.11.30"]
[SourceVersion "1"]
[SourceVersionDate "2022.11.30"]
[SourceQuality "1"]

1. e4 e5 2. Nf3 Nc6 3. Nc3 Nf6 4. d4 exd4 5. Nxd4 Bb4 6. Nxc6 bxc6 7. Bd3 0-0 8. 0-0 d5 9. Bd2 Bxc3 10. Bxc3 Nxe4 11. Bxe4 dxe4 12. Qe2 Re8 13. Rad1 Qg5 14. Qe3 Qxe3 15. fxe3 Be6 16. Rd4 f5 17. Ra4 Red8 18. h4 a6 19. Kh2 Rd5 20. Kg3 h6 21. Kf4 c5 22. Rh1 Kf7 23. h5 Ra7 24. Rh3 c6 25. Rg3 Kf8 26. Rg6 Re7 27. Rxa6 Bd7 28. Ra8+ Be8 29. Rxc6 Rd1 30. Rxc5 Rf1+ 31. Kg3 f4+ 32. exf4 e3 33. Rf5+ Kg8 34. Re5 Rxe5 35. fxe5 Kf8 36. Bb4+ Kf7 37. e6+ 1-0

[Event "EU-ch Online U2300 Qual"]
[Site "Chess.com INT"]
[Date "2020.05.25"]
[Round "2"]
[White "Canal Oliveras, Joan"]
[Black "Lucchi, Lorenzo"]
[Result "0-1"]
[WhiteElo "2205"]
[BlackElo "2111"]
[PlyCount "83"]
[EventDate "2020.05.25"]
[EventType "swiss"]
[EventRounds "8"]
[EventCountry "NET"]
[SourceTitle "EXT 2021"]
[Source "ChessBase"]
[SourceDate "2020.10.23"]
[SourceVersion "1"]
[SourceVersionDate "2020.10.23"]
[SourceQuality "1"]

1. e4 c5 2. d4 cxd4 3. c3 Nf6 4. e5 Nd5 5. Qxd4 e6 6. Nf3 Nc6 7. Qe4 Be7 8. c4 f5 9. Qe2 Bb4+ 10. Bd2 Nf4 11. Qe3 Ng6 12. Bxb4 Nxb4 13. Na3 Qa5 14. Qc3 b6 15. Rc1 Bb7 16. Nb5 0-0 17. a3 Nc6 18. b4 Qa4 19. Be2 a5 20. Nd6 axb4 21. axb4 Nxb4 22. Nxb7 Na2 23. Qd2 Nxc1 24. Qxc1 Qb4+ 25. Qd2 Ra1+ 26. Bd1 Qxc4 27. Nd6 Qa6 28. h4 Ne7 29. h5 Nd5 30. Rh4 Rb1 31. h6 g6 32. Rd4 Qa5 33. Qxa5 bxa5 34. Kd2 Rb4 35. Rxb4 Nxb4 36. Ba4 Nc6 37. Bxc6 dxc6 38. Nd4 a4 39. Nxe6 a3 40. Nxf8 a2 41. e6 Kxf8 42. e7+ 0-1

[Event "EU-ch Online U2300 Qual"]
[Site "Chess.com INT"]
[Date "2020.05.25"]
[Round "4"]
[White "Lucchi, Lorenzo"]
[Black "Gombocz, Ferenc Jr"]
[Result "0-1"]
[WhiteElo "2111"]
[BlackElo "2209"]
[PlyCount "60"]
[EventDate "2020.05.25"]
[EventType "swiss"]
[EventRounds "8"]
[EventCountry "NET"]
[SourceTitle "EXT 2021"]
[Source "ChessBase"]
[SourceDate "2020.10.23"]
[SourceVersion "1"]
[SourceVersionDate "2020.10.23"]
[SourceQuality "1"]

1. e4 e5 2. Bc4 Nf6 3. d3 c6 4. Nc3 d6 5. Bg5 Be7 6. Nge2 0-0 7. h3 Nbd7 8. Qd2 b5 9. Bb3 Nc5 10. 0-0 a5 11. a4 Nxb3 12. cxb3 b4 13. Nd1 Nxe4 14. Bxe7 Nxd2 15. Bxd8 Rxd8 16. Re1 Nxb3 17. Rb1 Ba6 18. Ne3 Bxd3 19. Rbd1 Bxe2 20. Rxe2 Nd4 21. Red2 d5 22. f4 Nb3 23. Rc2 exf4 24. Nf5 c5 25. Ne7+ Kf8 26. Nxd5 Rac8 27. Rc4 Nd4 28. Nb6 Rc6 29. Na8 Nf3+ 30. gxf3 Rxd1+ 0-1

[Event "Bunratty Masters 27th"]
[Site "Bunratty"]
[Date "2020.02.23"]
[Round "6"]
[White "Baker, Chris W"]
[Black "Lucchi, Lorenzo"]
[Result "1/2-1/2"]
[WhiteElo "2234"]
[BlackElo "2111"]
[PlyCount "83"]
[EventDate "2020.02.21"]
[EventType "swiss"]
[EventRounds "6"]
[EventCountry "IRL"]
[SourceTitle "EXT 2023"]
[Source "ChessBase"]
[SourceDate "2022.10.05"]
[SourceVersion "1"]
[SourceVersionDate "2022.10.05"]
[SourceQuality "1"]

1. d4 Nf6 2. Nc3 d5 3. Bf4 g6 4. Qd2 Bg7 5. 0-0-0 0-0 6. Bh6 c5 7. Bxg7 Kxg7 8. e3 Nc6 9. f3 c4 10. g4 b5 11. g5 Nh5 12. e4 e5 13. dxe5 d4 14. Nxb5 c3 15. Nxc3 dxc3 16. Qxc3 Qxg5+ 17. Kb1 Be6 18. Qxc6 Rfd8 19. Bd3 Rac8 20. Qa4 Qg2 21. Ne2 Rxd3 22. cxd3 Qxe2 23. Rhe1 Qxh2 24. d4 Rc4 25. Qb5 Qc2+ 26. Ka1 Nf4 27. Qb3 Ng2 28. Qxc2 Rxc2 29. Rg1 Ne3 30. Rc1 Bc4 31. d5 Rd2 32. Rc3 Bf1 33. b3 Rd1+ 34. Kb2 Bg2 35. Rc1 Rd3 36. Rc7 Kf8 37. Rgc1 h5 38. e6 fxe6 39. dxe6 h4 40. Rh7 Rd2+ 41. Kb1 Rd1 42. Rxh4 1/2-1/2

[Event "Bunratty Masters 27th"]
[Site "Bunratty"]
[Date "2020.02.22"]
[Round "3"]
[White "Lucchi, Lorenzo"]
[Black "Kanyamarala, Trisha"]
[Result "1/2-1/2"]
[WhiteElo "2111"]
[BlackElo "2299"]
[PlyCount "100"]
[EventDate "2020.02.21"]
[EventType "swiss"]
[EventRounds "6"]
[EventCountry "IRL"]
[SourceTitle "EXT 2023"]
[Source "ChessBase"]
[SourceDate "2022.10.05"]
[SourceVersion "1"]
[SourceVersionDate "2022.10.05"]
[SourceQuality "1"]

1. e4 c5 2. c3 Nf6 3. e5 Nd5 4. Nf3 Nc6 5. d4 cxd4 6. cxd4 d6 7. Nc3 e6 8. Bd3 Nxc3 9. bxc3 dxe5 10. Nxe5 Qa5 11. 0-0 Nxe5 12. dxe5 Qxe5 13. Re1 Qc7 14. Qg4 Bd7 15. Bg5 Bd6 16. Rad1 Bxh2+ 17. Kh1 h6 18. Qh5 Be5 19. Bc1 Bf6 20. Ba3 a6 21. Be4 Be7 22. Bg6 0-0 23. Bxe7 fxg6 24. Qe5 Qxe5 25. Rxe5 Ba4 26. Rd4 Rfe8 27. Bc5 Bc6 28. Rd6 Kf7 29. Bb6 Re7 30. Bd8 Rd7 31. Rxd7+ Bxd7 32. Bb6 Rc8 33. Re3 Bc6 34. Kh2 Bd5 35. a4 a5 36. Bxa5 Ra8 37. Bb6 Rxa4 38. Re2 Rh4+ 39. Kg1 Rg4 40. f3 Rc4 41. Bd4 g5 42. Re1 Ra4 43. Re2 g6 44. Be3 Ra1+ 45. Kf2 Ra3 46. Rc2 b5 47. Bc5 Ra4 48. Rb2 Bc6 49. Rd2 Rc4 50. Bd4 Ra4 1/2-1/2

[Event "BCF-chTb 1920 (4NCL)"]
[Site "Daventry"]
[Date "2020.01.12"]
[Round "4.56"]
[White "Atalik, Ekaterina"]
[Black "Lucchi, Lorenzo"]
[Result "1/2-1/2"]
[WhiteElo "2450"]
[BlackElo "2096"]
[PlyCount "83"]
[EventDate "2019.11.09"]
[EventType "team-tourn"]
[EventRounds "11"]
[EventCountry "ENG"]
[SourceTitle "CBM 194 Extra"]
[Source "ChessBase"]
[SourceDate "2020.03.31"]
[SourceVersion "1"]
[SourceVersionDate "2020.03.31"]
[SourceQuality "1"]
[WhiteTeam "Chess.com Manx Liberty"]
[BlackTeam "Barbican II"]
[WhiteTeamCountry "ENG"]
[BlackTeamCountry "ENG"]

1. Nf3 Nf6 2. e3 g6 3. b3 Bg7 4. Bb2 c5 5. c4 0-0 6. Nc3 Nc6 7. d4 cxd4 8. Nxd4 d5 9. Nxd5 Nxd5 10. Nxc6 bxc6 11. Bxg7 Nxe3 12. fxe3 Kxg7 13. Qd2 Qxd2+ 14. Kxd2 Rd8+ 15. Kc3 Bf5 16. Be2 Be4 17. Rhg1 c5 18. g3 Kf6 19. Rgd1 Ke5 20. b4 cxb4+ 21. Kxb4 Rdb8+ 22. Kc3 Rb7 23. Rd2 Rab8 24. Rad1 e6 25. Rd8 Rxd8 26. Rxd8 f5 27. a4 Rb1 28. Rd7 Rc1+ 29. Kd2 Rc2+ 30. Ke1 Rc1+ 31. Kd2 Rc2+ 32. Kd1 a6 33. Ra7 Ra2 34. Rxa6 Bc2+ 35. Kd2 Rxa4 36. Rxa4 Bxa4 37. Bf3 Kd6 38. Bb7 Bd7 39. Kd3 e5 40. Kc3 Kc5 41. Bd5 g5 42. Bg8 1/2-1/2

[Event "London Chess Classic: Blitz D"]
[Site "London"]
[Date "2019.12.08"]
[Round "4"]
[White "Nunn, John DM"]
[Black "Lucchi, Lorenzo"]
[Result "1-0"]
[WhiteElo "2538"]
[BlackElo "2186"]
[PlyCount "69"]
[EventDate "2019.12.08"]
[EventType "swiss (blitz)"]
[EventRounds "11"]
[EventCountry "ENG"]
[SourceTitle "EXT 2021"]
[Source "ChessBase"]
[SourceDate "2020.10.23"]
[SourceVersion "1"]
[SourceVersionDate "2020.10.23"]
[SourceQuality "1"]

1. e4 c5 2. Nf3 Nf6 3. e5 Nd5 4. Nc3 Nxc3 5. dxc3 Nc6 6. Bf4 h6 7. h4 Qb6 8. b3 g6 9. Bc4 Bg7 10. Qd2 e6 11. 0-0-0 Qc7 12. Rhe1 a6 13. Qe3 b5 14. Bf1 c4 15. Kb1 Bb7 16. Nd2 Ne7 17. Ne4 Nd5 18. Qg3 cxb3 19. cxb3 Rc8 20. Nd6+ Qxd6 21. exd6 Nxc3+ 22. Kb2 Nxd1+ 23. Ka3 Bb2+ 24. Kb4 Bc3+ 25. Ka3 b4+ 26. Ka4 Nb2+ 27. Ka5 Rc5+ 28. Kb6 Rb5+ 29. Kc7 Bxe1 30. Bxb5 axb5 31. Kxb7 Bc3 32. Be5 0-0 33. Bxc3 bxc3 34. Qxc3 Nd1 35. Qd4 1-0

[Event "London Classic Weekend op 11th"]
[Site "London"]
[Date "2019.12.01"]
[Round "5"]
[White "Lucchi, Lorenzo"]
[Black "Pozimski, Szymon"]
[Result "1-0"]
[WhiteElo "2118"]
[BlackElo "2002"]
[PlyCount "59"]
[EventDate "2019.11.29"]
[EventType "swiss"]
[EventRounds "5"]
[EventCountry "ENG"]
[SourceTitle "CBM 193 Extra"]
[Source "ChessBase"]
[SourceDate "2020.01.31"]
[SourceVersion "1"]
[SourceVersionDate "2020.01.31"]
[SourceQuality "1"]

1. e4 d5 2. exd5 Qxd5 3. Nc3 Qd8 4. Nf3 Nf6 5. Bc4 a6 6. Qe2 e6 7. d4 b5 8. Bb3 Bb7 9. Ne5 Qe7 10. Bg5 h6 11. Bh4 g5 12. Bg3 Bxg2 13. Rg1 Bb7 14. 0-0-0 c6 15. Rge1 Nd5 16. Ne4 Qd8 17. Qh5 Rh7 18. Ng4 Be7 19. Bxd5 cxd5 20. Nd6+ Kf8 21. Nxb7 Qb6 22. Nc5 Ra7 23. Bxb8 Qxb8 24. Ne5 Bxc5 25. dxc5 Rc7 26. c6 Qd8 27. f4 Kg8 28. Kb1 f6 29. Ng4 Qe7 30. Qg6+ 1-0

[Event "Cesenatico op 17th"]
[Site "Cesenatico"]
[Date "2013.09.02"]
[Round "3"]
[White "Valenti, Giuseppe"]
[Black "Lucchi, Lorenzo"]
[Result "1-0"]
[WhiteElo "2185"]
[BlackElo "2112"]
[PlyCount "65"]
[EventDate "2013.08.31"]
[EventType "swiss"]
[EventRounds "9"]
[EventCountry "ITA"]
[SourceTitle "CBM 156 Extra"]
[Source "ChessBase"]
[SourceDate "2013.10.22"]
[SourceVersion "1"]
[SourceVersionDate "2013.10.22"]
[SourceQuality "1"]

1. e4 e6 2. d4 d5 3. Nd2 Nc6 4. Ngf3 Nf6 5. e5 Nd7 6. Be2 f6 7. exf6 Qxf6 8. Nf1 e5 9. dxe5 Ndxe5 10. c3 Be6 11. Ne3 0-0-0 12. 0-0 Bd6 13. Nc2 g5 14. Nxg5 Rhg8 15. f4 Nc4 16. Nxe6 Qxe6 17. Bf3 Kb8 18. Kh1 Ne7 19. Nd4 Qh6 20. Re1 Rdf8 21. Rxe7 Bxe7 22. Bxd5 Qg6 23. Qe2 Bh4 24. Qxc4 Rg7 25. Bd2 c6 26. Bf3 Qh6 27. Kg1 Rfg8 28. Qe2 Re7 29. Qc4 Reg7 30. Qe6 Bf6 31. Nf5 Qg6 32. Nxg7 Rxg7 33. f5 1-0

[Event "Cesenatico op 17th"]
[Site "Cesenatico"]
[Date "2013.09.01"]
[Round "2"]
[White "Lucchi, Lorenzo"]
[Black "Zimina, Olga"]
[Result "1/2-1/2"]
[WhiteElo "2112"]
[BlackElo "2337"]
[PlyCount "233"]
[EventDate "2013.08.31"]
[EventType "swiss"]
[EventRounds "9"]
[EventCountry "ITA"]
[SourceTitle "CBM 156 Extra"]
[Source "ChessBase"]
[SourceDate "2013.10.22"]
[SourceVersion "1"]
[SourceVersionDate "2013.10.22"]
[SourceQuality "1"]

1. d4 d5 2. c4 e6 3. Nc3 Nf6 4. cxd5 exd5 5. Bg5 c6 6. e3 Be7 7. Qc2 0-0 8. Bd3 h6 9. Bh4 Re8 10. Nge2 Ne4 11. Bxe7 Qxe7 12. Bxe4 dxe4 13. Ng3 f5 14. 0-0 Na6 15. a3 Nc7 16. f3 f4 17. exf4 e3 18. f5 Qf7 19. Nce4 Bxf5 20. Nxf5 Qxf5 21. Qb3+ Qd5 22. Qxe3 Rad8 23. Rad1 Nb5 24. Rd2 Nd6 25. Rdf2 Nxe4 26. fxe4 Rxe4 27. Qg3 Rxd4 28. Rf7 Qxf7 29. Rxf7 Kxf7 30. Qb3+ Kg6 31. Qxb7 Rd1+ 32. Kf2 R1d2+ 33. Ke3 R2d3+ 34. Kf2 R8d6 35. Qxa7 Rb3 36. Qe7 Rf6+ 37. Kg1 Rxb2 38. Qe4+ Kf7 39. a4 Re6 40. Qf5+ Ke7 41. Qc5+ Kf7 42. Qf5+ Rf6 43. Qd7+ Kg8 44. h3 Rb8 45. a5 Ra8 46. a6 Rf7 47. Qe6 c5 48. Kh2 Raa7 49. Qc8+ Rf8 50. Qxc5 Rfa8 51. Qd5+ Kh8 52. h4 Rxa6 53. g3 Ra5 54. Qe4 Ra4 55. Qc6 Ra2+ 56. Kh3 Rf8 57. Qe6 Ra4 58. Qe7 Rb8 59. Qe5 Rab4 60. Qd6 Rb3 61. Qe6 R3b5 62. Qe2 Rc5 63. Qe7 Rc6 64. Qe5 Rf8 65. Qe7 Rcf6 66. Qe4 Rf1 67. Qe5 Rh1+ 68. Kg2 Rc1 69. Qe7 Rc2+ 70. Kh3 Rcf2 71. Qe5 R2f5 72. Qe7 h5 73. Qe2 R8f6 74. Qe8+ Kh7 75. Qe4 Kg8 76. Qe8+ Rf8 77. Qe6+ Kh8 78. Qe2 Rf3 79. Kg2 R3f5 80. Kh3 Kh7 81. Qe4 Kh6 82. Qe3+ Kg6 83. Qe4 Kh7 84. Qe2 g6 85. Qe7+ R8f7 86. Qe4 Rf2 87. Qe6 Rb7 88. Qe4 Rd7 89. Qe3 Rdd2 90. Qe7+ Kg8 91. Qe8+ Kg7 92. Qe7+ Rf7 93. Qe5+ Kh7 94. Qe3 Rdd7 95. Qe6 Rde7 96. Qb3 Rf2 97. Qd5 Ree2 98. Qh1 Rb2 99. Qg1 Kg7 100. Qh1 Rfd2 101. Qg1 Kf6 102. Qh1 Ke5 103. Qg1 Ke4 104. Qh1+ Kd4 105. Qg1+ Rf2 106. Qh1 Ra2 107. Qg1 Rac2 108. Qh1 Kc3 109. Qc6+ Kb2 110. Qb7+ Ka1 111. Qa8+ Kb1 112. Qb7+ Kc1 113. Qh1+ Kd2 114. Qd5+ Ke1 115. Qh1+ Ke2 116. Qe4+ Kd2 117. Qd5+ 1/2-1/2

[Event "Gabicce Mare op 1st"]
[Site "Gabicce Mare"]
[Date "2013.01.04"]
[Round "4"]
[White "Rambaldi, Francesco"]
[Black "Lucchi, Lorenzo"]
[Result "1-0"]
[WhiteElo "2310"]
[BlackElo "2101"]
[PlyCount "85"]
[EventDate "2013.01.02"]
[EventType "swiss"]
[EventRounds "9"]
[EventCountry "ITA"]
[SourceTitle "EXT 2015"]
[Source "ChessBase"]
[SourceDate "2014.11.20"]
[SourceVersion "1"]
[SourceVersionDate "2014.11.20"]
[SourceQuality "1"]

1. d4 d5 2. c4 e6 3. Nc3 c5 4. cxd5 exd5 5. Nf3 Nf6 6. g3 Nc6 7. Bg2 Be7 8. 0-0 0-0 9. dxc5 Bxc5 10. Na4 Be7 11. b3 Bg4 12. Bb2 Qc8 13. Rc1 Re8 14. Nc5 Ne4 15. Nxe4 dxe4 16. Ne5 Bg5 17. Rc2 Rd8 18. Qa1 Rd2 19. Rxd2 Bxd2 20. Nxg4 Qxg4 21. e3 h5 22. Qd1 Rd8 23. Qxg4 hxg4 24. Bxe4 Bb4 25. Rc1 Rd2 26. Rc2 Rxc2 27. Bxc2 g6 28. Kg2 Bd6 29. h3 gxh3+ 30. Kxh3 b5 31. Kg2 a5 32. f4 Nb4 33. Bb1 Nd5 34. Kf3 b4 35. Bd3 Nc3 36. a4 f5 37. Bc1 Kf7 38. e4 fxe4+ 39. Bxe4 g5 40. Bd3 Kg7 41. fxg5 Be7 42. Bf4 Bf8 43. Be5+ 1-0

[Event "Gabicce Mare op 1st"]
[Site "Gabicce Mare"]
[Date "2013.01.03"]
[Round "2"]
[White "Altini, Daniele"]
[Black "Lucchi, Lorenzo"]
[Result "1-0"]
[WhiteElo "2283"]
[BlackElo "2101"]
[PlyCount "39"]
[EventDate "2013.01.02"]
[EventType "swiss"]
[EventRounds "9"]
[EventCountry "ITA"]
[SourceTitle "EXT 2015"]
[Source "ChessBase"]
[SourceDate "2014.11.20"]
[SourceVersion "1"]
[SourceVersionDate "2014.11.20"]
[SourceQuality "1"]

1. d4 d5 2. Bf4 c5 3. e4 cxd4 4. Qxd4 Nc6 5. Qxd5 Qxd5 6. exd5 Nb4 7. Bb5+ Bd7 8. Bxd7+ Kxd7 9. Na3 Rc8 10. 0-0-0 Nxa2+ 11. Kb1 Nb4 12. Nf3 Nf6 13. Rhe1 Ke8 14. Nb5 Nxc2 15. Re2 Nb4 16. Nd6+ Kd7 17. Nxc8 Kxc8 18. Rc1+ Kd8 19. Ne5 Rg8 20. Nxf7+ 1-0

[Event "Cesenatico op 16th"]
[Site "Cesenatico"]
[Date "2012.09.08"]
[Round "8"]
[White "Lucchi, Lorenzo"]
[Black "Roeder, Mathias"]
[Result "0-1"]
[WhiteElo "2080"]
[BlackElo "2432"]
[PlyCount "58"]
[EventDate "2012.09.01"]
[EventType "swiss"]
[EventRounds "9"]
[EventCountry "ITA"]
[SourceTitle "CBM 150 Extra"]
[Source "ChessBase"]
[SourceDate "2012.10.19"]
[SourceVersion "1"]
[SourceVersionDate "2012.10.19"]
[SourceQuality "1"]

1. e4 c5 2. c3 Nf6 3. e5 Nd5 4. d4 cxd4 5. Nf3 e6 6. cxd4 d6 7. Bc4 Nb6 8. Bb3 dxe5 9. Nxe5 Nc6 10. Nxc6 bxc6 11. 0-0 Be7 12. Nc3 0-0 13. Bf4 Ba6 14. Re1 Nd5 15. Be5 Nb4 16. Qg4 g6 17. Re3 Nd3 18. Ne4 Nxe5 19. dxe5 Kg7 20. Rd1 Qc7 21. Qf4 Rad8 22. Rde1 Rd4 23. Rh3 h5 24. g4 g5 25. Qe3 Rd3 26. Qxd3 Bxd3 27. Rxd3 Qxe5 28. Rde3 hxg4 29. Ng3 Qxb2 0-1

[Event "Cesenatico op 14th"]
[Site "Cesenatico"]
[Date "2010.09.07"]
[Round "9"]
[White "De Santis, Alessio"]
[Black "Lucchi, Lorenzo"]
[Result "1/2-1/2"]
[WhiteElo "2305"]
[BlackElo "2073"]
[PlyCount "33"]
[EventDate "2010.08.30"]
[EventType "swiss"]
[EventRounds "9"]
[EventCountry "ITA"]
[SourceTitle "CBM 138 Extra"]
[Source "ChessBase"]
[SourceDate "2010.10.29"]
[SourceVersion "1"]
[SourceVersionDate "2010.10.29"]
[SourceQuality "1"]

1. d4 d6 2. e4 Nf6 3. Bd3 c5 4. c3 g6 5. Nf3 Bg7 6. 0-0 0-0 7. Nbd2 cxd4 8. Nxd4 Nc6 9. Re1 e5 10. Nxc6 bxc6 11. Qa4 Ng4 12. Nf3 Qb6 13. Re2 Be6 14. h3 Nf6 15. Be3 Qc7 16. Rd1 d5 17. Nd2 1/2-1/2

[Event "Mirandola Giovanni Pico 3rd"]
[Site "Mirandola"]
[Date "2010.01.17"]
[Round "5"]
[White "Lucchi, Lorenzo"]
[Black "Modena, Giorgio"]
[Result "1-0"]
[WhiteElo "2073"]
[BlackElo "1979"]
[PlyCount "40"]
[EventDate "2010.01.15"]
[EventType "swiss"]
[EventRounds "5"]
[EventCountry "ITA"]
[SourceTitle "EXT 2024"]
[Source "ChessBase"]
[SourceDate "2023.10.10"]
[SourceVersion "1"]
[SourceVersionDate "2023.10.10"]
[SourceQuality "1"]

1. e4 e6 2. Nf3 d5 3. exd5 exd5 4. c4 d4 5. Bd3 c5 6. 0-0 Bd6 7. b4 b6 8. Be4 a5 9. Bxa8 axb4 10. d3 Ne7 11. a3 bxa3 12. Nxa3 Bd7 13. h3 h6 14. Nb5 Bxb5 15. cxb5 0-0 16. Nd2 f5 17. Bf3 Ng6 18. Nc4 Be7 19. Bh5 Nh8 20. g3 g5 1-0